000 00293nam a22001337a 4500
008 170323b xxu||||| |||| 00| 0 eng d
020 _a9780323056311
041 _aeng
080 _24TH
_a616.9
100 _a8
101 _aSHM
245 _aINFECTION CONTROL
_cMILLER, CH.H
942 _2udc
_cBK
999 _c8455
_d8455